000 00407nam a2200145Ia 4500
008 231129s2002||||xx |||||||||||||| ||spa||
020 _a958-704-057-0
040 _bspa
082 _a(i) 808.068543 B736n
100 _aBornemann Elsa
245 0 _aNo somos irrompibles (12 cuentos de chicos enamorados)
260 _c2002
264 _aAlfaguara
942 _2ddc
_cBKS
999 _c21725
_d21725